000
00270nam a2200097Ia 4500
001
655264
005
20250826154533.0
008
250824s9999 xx 000 0 und d
245
0
_a
BİR DELİNİN HATIRA DEFTERİ ANTİK YENİ
_c
GOGOL
260
_b
ANTİK DÜNYA KLASİKLERİ
999
_c
655264
_d
655264